000 01691cam a22003977a 4500
001 15988767
005 20220326193310.0
008 020531s2001 no a bc 000 0 eng d
010 _a 2009521120
020 _a8290955472
020 _a9788290955477
035 _a(OCoLC)ocm49899430
040 _aSNN
_cSNN
_dOHX
_dOCLCQ
_dOCLCG
_dEYM
_dUKTTE
_dDLC
041 0 _aeng
_anor
042 _alccopycat
082 _a707
_bG411g
100 1 _aAmer, Ghada,
_d1963-
_92003
245 1 0 _aGhada Amer :
_breading between the threads.
_cWendt, Selene.
260 _a[Oslo] :
_bHenie Onstad Kunstsenter,
_c2001.
300 _a63 p. :
_bcol. ill. ;
_c25 cm.
500 _aCatalog of the exhibition held at Henie Onstad Kunstsenter, Oslo, Norway, Sept. 20-Dec. 2, 2001, Museum Kunst Palast, Düsseldorf, Feb. 9-May 12, 2002 and at Bildmuseet, Umeå, Sweden, May 26-Oct. 13, 2002.
500 _aCurated by Selene Wendt.
504 _aIncludes bibliographical references.
530 _aAlso issued online.
546 _aEssays and interview with the artist in English, with Norwegian translations.
600 1 0 _aAmer, Ghada,
_d1963-
_vExhibitions.
_92004
650 _zNoruega
_92005
700 1 _aWendt, Selene.
_92006
710 2 _aHenie-Onstad kunstsenter.
_92007
710 2 _aUmeå universitet.
_bBildmuseet.
_92008
710 2 _aMuseum Kunst Palast (Düsseldorf, Germany)
_92009
776 0 8 _iOnline version:
_aAmer, Ghada, 1963-
_tGhada Amer.
_d[Oslo] : Henie Onstad Kunstsenter, 2001
_w(OCoLC)606814027
906 _a7
_bcbc
_ccopycat
_d3
_encip
_f20
_gy-gencatlg
999 _c417
_d417